Unbingsha satikar asomiya naree : (Record no. 10031)
[ view plain ]
| 000 -LEADER | |
|---|---|
| fixed length control field | 00567cam a2200205ua 4500 |
| 001 - CONTROL NUMBER | |
| control field | 11178 |
| 005 - DATE AND TIME OF LATEST TRANSACTION | |
| control field | 20260515114721.0 |
| 008 - FIXED-LENGTH DATA ELEMENTS--GENERAL INFORMATION | |
| fixed length control field | 190903n ii |||gr||||Z||||||asm |
| 020 ## - INTERNATIONAL STANDARD BOOK NUMBER | |
| International Standard Book Number | 9788172132804 |
| 040 ## - CATALOGING SOURCE | |
| Transcribing agency | MAIN |
| 082 ## - DEWEY DECIMAL CLASSIFICATION NUMBER | |
| Classification number | 305.4 |
| 100 ## - MAIN ENTRY--PERSONAL NAME | |
| Personal name | Dr. Dipankar Gogoi, |
| Relator term | Author., |
| 245 ## - TITLE STATEMENT | |
| Title | Unbingsha satikar asomiya naree : |
| Remainder of title | `orunodoi`r abalookan / |
| Statement of responsibility, etc. | By dr. dipankar gogoi . |
| 250 ## - EDITION STATEMENT | |
| Edition statement | 1st ed. |
| 260 ## - PUBLICATION, DISTRIBUTION, ETC. | |
| Place of publication, distribution, etc. | Guwhati: |
| Name of publisher, distributor, etc. | Purbanchal Prakash, |
| Date of publication, distribution, etc. | 2016. |
| 300 ## - PHYSICAL DESCRIPTION | |
| Extent | 183p. |
| 653 ## - INDEX TERM--UNCONTROLLED | |
| Uncontrolled term | Social groups |
| 653 ## - INDEX TERM--UNCONTROLLED | |
| Uncontrolled term | Women in nineteenth century |
| 942 ## - ADDED ENTRY ELEMENTS (KOHA) | |
| Koha item type | Books |
| Withdrawn status | Lost status | Damaged status | Not for loan | Home library | Current library | Shelving location | Date acquired | Total checkouts | Full call number | Barcode | Date last seen | Copy number | Price effective from | Koha item type |
|---|---|---|---|---|---|---|---|---|---|---|---|---|---|---|
| Naharkatiya College Library | Naharkatiya College Library | General stacks | 09/19/2020 | 305.4Women Studies | GOG | 26759 | 09/19/2020 | 1 | 09/19/2020 | Books | |||||
| Naharkatiya College Library | Naharkatiya College Library | General stacks | 09/19/2020 | 305.4Women studies | GOG | 26760 | 09/19/2020 | 2 | 09/19/2020 | Books |